Označovanie výrobkov Značenie spotrebiteľsky balených poživatín v Slovenskej republike
Označovanie poživatín na území Slovenskej republiky v zmysle Občianskeho zákonníka. Údaje uvedené na obale výrobku.
Guardado en:
| Formato: | Capítulo de libro |
|---|---|
| Lenguaje: | eslovaco |
| Materias: | |
| Etiquetas: |
Sin Etiquetas, Sea el primero en etiquetar este registro!
|
MARC
| LEADER | 00000naa a2200000 4500 | ||
|---|---|---|---|
| 001 | r018754 | ||
| 005 | 20221213100529.4 | ||
| 041 | 0 | |a slo | |
| 044 | |a SK | ||
| 245 | 1 | 0 | |a Označovanie výrobkov |b Značenie spotrebiteľsky balených poživatín v Slovenskej republike |
| 520 | |a Označovanie poživatín na území Slovenskej republiky v zmysle Občianskeho zákonníka. Údaje uvedené na obale výrobku. | ||
| 610 | 2 | 0 | |a obchod |
| 610 | 2 | 0 | |a Slovensko |
| 610 | 2 | 0 | |a potraviny |
| 610 | 2 | 0 | |a požívatiny |
| 610 | 2 | 0 | |a zákonník občiansky |
| 610 | 2 | 0 | |a obaly |
| 610 | 2 | 0 | |a výrobky |